000 00483nmm a2200157Ia 4500
008 251105s9999||||xx |||||||||||||||||und||
020 _a9789587384789
041 _aspa
100 _aCastillo, Mery
245 0 _aLa tradición política en la obra de Hannah Arendt
264 _a[Bogotá, Colombia] :
_bUniversidad del Rosario,
_c2014
300 _a104 páginas
650 _aPolitical Science (General)
856 _uhttps://public.digitaliapublishing.com/a/46353
942 _cCF
999 _c95788
_d95788